| 000 | 00343nam a22001337a 4500 | ||
|---|---|---|---|
| 020 | _a9788172240400 | ||
| 082 |
_a005.133 _bMUL/SP |
||
| 100 | _aMullish,Henry | ||
| 245 | _aSpirit of C: An introduction to modern programming | ||
| 260 |
_aAhmedabad _bJaico Publishing House _c2006 |
||
| 300 | _a528 | ||
| 700 | _aCooper, Herbert L | ||
| 942 | _cBK | ||
| 999 |
_c13637 _d13637 |
||